A dictionary of the Bible / (Record no. 8423)

MARC details
000 -LEADER
fixed length control field 00652nam a22002177a 4500
003 - CONTROL NUMBER IDENTIFIER
control field GBCCL
005 - DATE AND TIME OF LATEST TRANSACTION
control field 20241126110650.0
008 - FIXED-LENGTH DATA ELEMENTS--GENERAL INFORMATION
fixed length control field 210216b ||||| |||| 00| 0 eng d
020 ## - INTERNATIONAL STANDARD BOOK NUMBER
International Standard Book Number 0785252010
020 ## - INTERNATIONAL STANDARD BOOK NUMBER
International Standard Book Number 9780785252016
040 ## - CATALOGING SOURCE
Transcribing agency gbc
082 ## - DEWEY DECIMAL CLASSIFICATION NUMBER
Classification number 220.3
Item number SMI
100 ## - MAIN ENTRY--PERSONAL NAME
Personal name Smith, William
9 (RLIN) 11934
245 ## - TITLE STATEMENT
Title A dictionary of the Bible /
Statement of responsibility, etc. by William Smith ; revised and edited by F.N. and M.A. Peloubet.
246 ## -
-- Smith's Bible dictionary
260 ## - PUBLICATION, DISTRIBUTION, ETC.
Place of publication, distribution, etc. [Nashville, Tenn.] :
Name of publisher, distributor, etc. Thomas Nelson,
Date of publication, distribution, etc. 1986
300 ## - PHYSICAL DESCRIPTION
Extent vii, 770 p. :
Other physical details ill. ;
Dimensions 21 cm.
650 ## - SUBJECT ADDED ENTRY--TOPICAL TERM
Topical term or geographic name entry element Bible
Form subdivision Dictionaries.
9 (RLIN) 14751
650 ## - SUBJECT ADDED ENTRY--TOPICAL TERM
Topical term or geographic name entry element Bible.
9 (RLIN) 5
942 ## - ADDED ENTRY ELEMENTS (KOHA)
Source of classification or shelving scheme Dewey Decimal Classification
Koha item type Books
Holdings
Withdrawn status Lost status Source of classification or shelving scheme Damaged status Not for loan Home library Current Library Shelving location Date acquired Total checkouts Full call number Barcode Date last seen Copy number Price effective from Koha item type
    Dewey Decimal Classification     GRACE BIBLE COLLEGE GRACE BIBLE COLLEGE Dictionary 2021-02-16   220.3 SMI 013903 2025-05-01 c.1 2021-02-16 Reference Books
© Grace Bible College Library 2025